| 000 | 00679nam a2200253 a 4500 | ||
|---|---|---|---|
| 999 |
_c12478 _d12478 |
||
| 001 | 12478 | ||
| 003 | BD-JhCC | ||
| 005 | 20220605134021.0 | ||
| 008 | 220228b2013 su a|||| ||a| 001 0 eng d | ||
| 020 | _a9786035012027 | ||
| 035 | _a(BD-JhCC)12478 | ||
| 040 |
_aBD-JhCC _dBD-JhCC |
||
| 041 | _aEnglish | ||
| 082 |
_a613.088297 _bAYA 2013 |
||
| 100 | _aAyad, Dr.Amira | ||
| 245 |
_aHealing Body & Soul / _cDr.Amira Ayad . |
||
| 260 |
_aRiyadh : _bInternational Islamic Publishing House; _c2013. |
||
| 300 |
_a527 p. : _bill; _c22 cm. |
||
| 650 | _aMedicine--------Religious aspeds --Islam | ||
| 650 | _aHealth | ||
| 650 | _aFood | ||
| 942 |
_2ddc _cCF _03 |
||